000
00272cam a22001097a 4500
008
180718b1963 xxu||||| |||| 00| 0 eng d
082
_a
XA 44 x42 Un3
245
_a
Housing cost yardstick
_c
By HMSO
260
_a
London
_b
HMSO
_c
1963
300
_a
13p.
650
_a
Housing cost
999
_c
414619
_d
414619